[Event "Novosibirsk"]
[Site "Novosibirsk"]
[Date "1993.??.??"]
[Round "8"]
[White "Epishin, Vladimir"]
[Black "Vyzmanavin, Alexey"]
[Result "1/2-1/2"]
[WhiteElo "2620"]
[BlackElo "2620"]

1.d4 Nf6 2.c4 e6 3.Nf3 d5 4.Nc3 c6 5.e3 Nbd7 6.Qc2 Bd6 7.Be2 O-O 8.O-O b6
9.e4 dxe4 10.Nxe4 Nxe4 11.Qxe4 Bb7 12.Bf4 Nf6 13.Qe3 Ng4 14.Qc1 c5 15.Rd1 Qc7
16.Bxd6 Qxd6 17.Qg5 Nf6 18.dxc5 Qxc5 19.Qxc5 bxc5 20.Ne5 Rfd8 21.Rxd8+ Rxd8
22.Rd1 Rxd1+ 23.Bxd1 Kf8 24.f3 Ke7 25.Ba4 Ng8 26.a3 a5 27.Kf2 f6 28.Nd3 Kd6
29.Nc1 Kc7 30.Nd3 Kd6 31.Bc2 Ne7 32.Nf4 g6 33.h4 f5 34.Nd3 Ba6 35.b4 cxb4
36.axb4 Bxc4 37.bxa5 Nc6 38.Nf4 Ke5 39.Nh3 Nxa5 40.g4 Nc6 41.f4+ Kf6 42.Bd1 Bd3
43.Ke3 Bb1 44.Nf2 Nb4 45.Kf3 Ba2 46.Kg3 e5 47.gxf5 gxf5 48.fxe5+ Kxe5 49.Nh3 Nd5
50.Bf3 Ne3 51.Be2 Bc4 52.Kf3 Bxe2+  1/2-1/2

[Event "Oberwart op"]
[Site "Oberwart"]
[Date "1993.??.??"]
[Round "2"]
[White "Berebora, Ferenc"]
[Black "Hinterberger, Werner"]
[Result "1-0"]
[WhiteElo "2425"]
[BlackElo "2175"]

1.d4 d5 2.c4 c6 3.Nf3 Nf6 4.Nc3 e6 5.e3 Nbd7 6.Bd3 dxc4 7.Bxc4 b5 8.Be2 Bb7
9.O-O a6 10.e4 b4 11.e5 bxc3 12.exf6 Qxf6 13.bxc3 c5 14.Qa4 cxd4 15.Rd1 e5
16.cxd4 Bc6 17.Qc2 e4 18.Ne5 Nxe5 19.dxe5 Qg6 20.Rd6  1-0

[Event "Oberwart op"]
[Site "Oberwart"]
[Date "1993.??.??"]
[Round "7"]
[White "Gofshtein, Leonid D"]
[Black "Milov, Vadim"]
[Result "1-0"]
[WhiteElo "2540"]
[BlackElo "2500"]

1.d4 d5 2.c4 c6 3.Nf3 Nf6 4.Nc3 e6 5.e3 Nbd7 6.Qc2 Bd6 7.Be2 O-O 8.O-O e5
9.cxd5 cxd5 10.Nb5 Bb8 11.dxe5 Nxe5 12.Rd1 Bg4 13.Nfd4 a6 14.Nc3 Qc7 15.Bxg4 Nexg4
16.g3 Ba7 17.Qf5 Rfd8 18.Nce2 Qd7 19.h3 Qxf5 20.Nxf5 Ne5 21.b3 Rd7 22.Bb2 Re8
23.Rac1 Bb8 24.f4 Nc6 25.Bxf6 gxf6 26.Kf2 Ba7 27.Rd3 Kf8 28.Kf3 Bb6 29.g4 Rc8
30.Rcd1 Nb4 31.R3d2 Rdd8 32.a3 Nc2 33.Rxd5 Nxa3 34.Rd7 Nc2 35.Neg3 Nd4+ 36.R7xd4 Bxd4
37.Nxd4 Rd6 38.Ne4 Rb6 39.Nf5 Rxb3 40.Rd7 Ke8  1-0

[Event "Odense"]
[Site "Odense"]
[Date "1993.??.??"]
[Round "2"]
[White "Kjeldsen, Jens"]
[Black "Grotnes, Nils"]
[Result "1-0"]
[WhiteElo "2375"]
[BlackElo "2330"]

1.d4 d5 2.c4 e6 3.Nc3 c6 4.Nf3 Nf6 5.e3 Nbd7 6.Qc2 Bd6 7.g4 h6 8.Bd2 Qe7
9.Rg1 dxc4 10.Bxc4 e5 11.g5 hxg5 12.Nxg5 Rf8 13.O-O-O Nb6 14.Bb3 Bd7 15.f4 e4
16.Ncxe4 Nxe4 17.Nxe4 g6 18.Nxd6+ Qxd6 19.Qe4+ Kd8 20.Qe5 Qxe5 21.fxe5 a5
22.Rdf1 Ke8 23.e4 a4 24.Bd1 Be6 25.a3 Rh8 26.Bg4 Bb3 27.Rf2 Nc4 28.Bg5 Na5
29.Bf6 Rh7 30.h4 Bc4 31.Rd1 Bb3 32.Rdd2 Be6 33.Bd1 Nb3+ 34.Bxb3 Bxb3 35.Kb1 Kd7
36.Rf1 Ra5 37.Rc1 b6 38.Rd3 Ra8 39.Rdc3 Rc8 40.d5 c5 41.Rf1 Re8 42.Kc1 Rc8
43.Rcf3 Rc7 44.Bg5 Kc8 45.Rf6 Bc4 46.R1f3 Kb7 47.Rd6 b5 48.Bd8 Rc8 49.Rff6 b4
50.Rd7+ Ka8 51.e6  1-0

[Event "Odorheiu Secuiesc"]
[Site "Odorheiu Secuiesc"]
[Date "1993.??.??"]
[Round "4"]
[White "Horvath, Jozsef"]
[Black "Chernin, Alexander"]
[Result "1/2-1/2"]
[WhiteElo "2535"]
[BlackElo "2600"]

1.d4 d5 2.c4 c6 3.Nc3 Nf6 4.e3 e6 5.Nf3 Nbd7 6.Qc2 Bd6 7.Be2 O-O 8.O-O dxc4
9.Bxc4 Qe7 10.a3 e5 11.h3 Bb8 12.Ba2  1/2-1/2

[Event "Odorheiu Secuiesc op"]
[Site "Odorheiu Secuiesc"]
[Date "1993.??.??"]
[Round "5"]
[White "Serban Mitaru, Dan"]
[Black "Bets, Anatolij"]
[Result "0-1"]
[WhiteElo "2330"]
[BlackElo "2260"]

1.d4 d5 2.c4 c6 3.e3 Nf6 4.Nf3 e6 5.Nc3 Nbd7 6.Bd3 dxc4 7.Bxc4 b5 8.Bd3 a6
9.O-O c5 10.b3 Bb7 11.Bb2 cxd4 12.Nxd4 Nc5 13.Bc2 b4 14.Na4 Nxa4 15.bxa4 Qa5
16.e4 Be7 17.Re1 g6 18.Re3 O-O 19.Qd2 Nh5 20.Nxe6 fxe6 21.Qd7 Qg5 22.Qxb7 Rxf2
23.Qxa8+ Rf8 24.Qxf8+ Bxf8 25.Rf3 Qd2 26.Rxf8+ Kxf8 27.Rf1+ Ke8 28.Rf2 Qe1+
29.Rf1 Qe3+ 30.Rf2 Nf4 31.Kf1 Nd3 32.Bxd3 Qxd3+ 33.Re2 Qb1+ 34.Kf2 Qxa2 35.Bf6 Qxa4
36.Rd2 b3 37.Rd8+ Kf7 38.e5 b2  0-1

[Event "Odorheiu Secuiesc"]
[Site "Odorheiu Secuiesc"]
[Date "1993.??.??"]
[Round "9"]
[White "Neverov, Valeriy"]
[Black "Rogozenko, Dorin"]
[Result "1/2-1/2"]
[WhiteElo "2550"]
[BlackElo "2480"]

1.d4 d5 2.c4 c6 3.Nc3 Nf6 4.e3 e6 5.Nf3 Nbd7 6.Qc2 Bd6 7.b3 O-O 8.Be2 e5
9.cxd5 Nxd5 10.Bb2 Nxc3 11.Bxc3 Qe7 12.dxe5 Nxe5 13.O-O-O Nxf3 14.gxf3 Be5
15.Bd3 Bxc3 16.Qxc3 a5 17.Rhg1 g6 18.f4 Qa3+ 19.Qb2 Qxb2+ 20.Kxb2 Kg7 21.Kc3 Kf6
22.Rg5 Rd8 23.f3 Be6 24.a3 b6 25.h4 c5 26.a4 Bf5 27.Rgg1 Bxd3 28.Rxd3 Rxd3+
29.Kxd3 Rd8+ 30.Kc3 Ke6 31.h5 Rd5 32.hxg6 hxg6 33.e4 Rd6 34.Re1 Rd4 35.Rh1 f5
36.Rh6 Kf6 37.e5+ Kg7 38.Rh4 g5 39.Rh5 Rxf4 40.Rxg5+ Kf7 41.Rg3 Ke6 42.Rg6+ Kxe5
43.Rxb6 Kd5 44.Rb5 Rxf3+ 45.Kb2 Kd4 46.Rxa5 Rf2+ 47.Ka3 Rf1 48.Kb2 Rf2+ 49.Ka3  1/2-1/2

[Event "Odorheiu Secuiesc"]
[Site "Odorheiu Secuiesc"]
[Date "1993.??.??"]
[Round "10"]
[White "Marin, Mihail"]
[Black "Ribli, Zoltan"]
[Result "1/2-1/2"]
[WhiteElo "2515"]
[BlackElo "2620"]

1.d4 d5 2.c4 c6 3.Nc3 Nf6 4.e3 e6 5.Nf3 Nbd7 6.Bd3 dxc4 7.Bxc4 b5 8.Bd3 Bb7
9.O-O a6 10.e4 c5 11.d5 c4 12.Bc2 Qc7 13.Bg5 Bc5 14.Qe2 e5  1/2-1/2

[Event "Odorheiu Secuiesc op"]
[Site "Odorheiu Secuiesc"]
[Date "1993.??.??"]
[Round "11"]
[White "Cosma, Ioan"]
[Black "Bets, Anatolij"]
[Result "1-0"]
[WhiteElo "2365"]
[BlackElo "2260"]

1.d4 d5 2.c4 c6 3.Nc3 e6 4.e3 Nf6 5.Nf3 Nbd7 6.Qc2 Bd6 7.Be2 O-O 8.O-O Qe7
9.e4 Nxe4 10.Nxe4 dxe4 11.Qxe4 e5 12.Bg5 Qe8 13.c5 Bc7 14.Bc4 Kh8 15.Nxe5 Nxe5
16.Rfe1 f5 17.Qe3 Be6 18.Bxe6 Ng4 19.Qh3 Bxh2+ 20.Kf1 Qg6 21.Be7 Rfe8 22.Bd7 Qf7
23.Bxe8 Qc4+ 24.Re2 Rxe8 25.Qb3 Qa6 26.Qf7 Nf6 27.Re1 Rg8 28.Bxf6 gxf6 29.g3 Bxg3
30.Qxf6+ Rg7 31.fxg3 Qd3 32.Qe5 h5 33.Qe3 Rxg3 34.Qxd3 Rxd3 35.Re7 Rxd4 36.Rxb7 Rd8
37.Ree7 a5 38.Rh7+ Kg8 39.Rbg7+ Kf8 40.Rd7  1-0

[Event "Ontario-ch"]
[Site "Ontario"]
[Date "1993.??.??"]
[Round "9"]
[White "Ochkoos, Jura"]
[Black "Walker, Ben"]
[Result "1/2-1/2"]
[WhiteElo "2240"]
[BlackElo "2265"]

1.d4 Nf6 2.Nf3 d5 3.c4 c6 4.e3 e6 5.Nc3 Nbd7 6.Qc2 Bd6 7.a3 O-O 8.b3 e5 9.cxd5 cxd5
10.Be2 e4 11.Nd2 Re8 12.Bb2 Nf8 13.Nb5 Bb8 14.Rc1 Ne6 15.Nc3 Bd7  1/2-1/2

[Event "Ostend op"]
[Site "Ostend"]
[Date "1993.??.??"]
[Round "1"]
[White "Roeder, Mathias"]
[Black "Stone, Andrew"]
[Result "1-0"]
[WhiteElo "2425"]
[BlackElo "2060"]

1.d4 c6 2.c4 d5 3.Nc3 Nf6 4.e3 e6 5.Nf3 Be7 6.Bd3 O-O 7.O-O Nbd7 8.e4 dxe4
9.Nxe4 Nxe4 10.Bxe4 Nf6 11.Bd3 c5 12.dxc5 Bxc5 13.Bg5 Be7 14.Qe2 Qc7 15.Rfd1 Rd8
16.Rac1 Bd7 17.Qe5 Qxe5 18.Nxe5 Ba4 19.b3 Be8 20.Be2 h6 21.Be3 Nd7 22.Nxd7 Bxd7
23.Bf3 Bc6 24.Bxc6 bxc6 25.g4 f5 26.h3 Kf7 27.Kg2 Bg5 28.f4 Bf6 29.b4 g5
30.gxf5 exf5 31.b5 gxf4 32.Bxf4 Bg5 33.Kf3 Bxf4 34.Kxf4 cxb5 35.cxb5 Rxd1
36.Rxd1 a6 37.b6 Rb8 38.Rd6 Kg7 39.Kxf5 Rf8+ 40.Ke6 Rf2 41.Kd7 Rxa2 42.b7 Rb2
43.Kc7  1-0

[Event "Oviedo rapid"]
[Site "Oviedo"]
[Date "1993.??.??"]
[Round "4"]
[White "Izeta Txabarri, Felix"]
[Black "Illescas Cordoba, Miguel"]
[Result "0-1"]
[WhiteElo "2510"]
[BlackElo "2625"]

1.d4 Nf6 2.Nf3 d5 3.c4 c6 4.Nc3 e6 5.e3 Nbd7 6.Bd3 dxc4 7.Bxc4 b5 8.Bd3 Bb7
9.O-O a6 10.a4 Be7 11.Qe2 b4 12.Ne4 c5 13.Nxf6+ Bxf6 14.Rd1 cxd4 15.exd4 Nb6
16.a5 Nd5 17.Ne5 O-O 18.Qe4 g6 19.Bh6 Bg7 20.Bxg7 Kxg7 21.h4 f5 22.Qe1 Qxh4
23.Nd7 Nf4 24.Bf1 Rf7 25.Nc5 Bd5 26.Nd3 Nxd3 27.Rxd3 Qe7 28.Rc1 Qd6 29.Rc5 Rb8
30.Rd1 Rd7 31.Qe2 Ra8 32.Qd2 b3 33.Qc3 Rb8 34.Rc1 Rbb7 35.Qd3 Ra7 36.Qc3 Rab7
37.Ra1 h6 38.Ra4 g5 39.Rb4 Rxb4 40.Qxb4 Rb7 41.Qc3 Kf6  0-1

[Event "Oviedo rapid"]
[Site "Oviedo"]
[Date "1993.??.??"]
[Round "4"]
[White "Miles, Anthony J"]
[Black "Rodriguez, Jose Manuel"]
[Result "1-0"]
[WhiteElo "2565"]
[BlackElo "2240"]

1.d4 d5 2.Nf3 Nf6 3.c4 e6 4.Nc3 c6 5.e3 Nbd7 6.Qc2 Be7 7.Be2 O-O 8.O-O a6
9.Rd1 Qc7 10.e4 dxe4 11.Nxe4 Rd8 12.Bg5 h6 13.Bh4 Qf4 14.Nc3 Qc7 15.Rac1 Nf8
16.Bg3 Bd6 17.Ne5 c5 18.dxc5 Bxe5 19.Rxd8 Bxg3 20.Rxf8+ Kxf8 21.hxg3 Qxc5
22.Ne4 Nxe4 23.Qxe4 Kg8 24.Rd1 Qc7 25.Qd4 b6 26.Qd8+ Qxd8 27.Rxd8+ Kh7 28.Bf3  1-0

[Event "Oviedo rapid"]
[Site "Oviedo"]
[Date "1993.??.??"]
[Round "4"]
[White "Dao Thien Hai"]
[Black "Freijedo Alvarez, Salvador"]
[Result "1-0"]
[WhiteElo "2565"]
[BlackElo "2320"]

1.d4 d5 2.c4 c6 3.Nc3 Nf6 4.Nf3 e6 5.e3 Nbd7 6.Qc2 Bd6 7.a3 a5 8.b3 Qe7 9.Bb2 O-O
10.Be2 dxc4 11.bxc4 e5 12.O-O exd4 13.exd4 Re8 14.Rfe1 Nf8 15.Bd3 Qc7 16.Rxe8 Nxe8
17.Ne4 Be7 18.Re1 Nd6 19.Ng3 Ng6 20.Ne5 Be6 21.c5 Ne8 22.Nxg6 hxg6 23.Bxg6 Nf6
24.Bf5 Bd5 25.Bc1 Re8 26.h3 Bd8 27.Rxe8+ Nxe8 28.Qe2 Nf6 29.Bg5 Qe7 30.Qxe7 Bxe7
31.Bc8 Kf8 32.Bxb7 g6 33.Ne2 Ke8 34.Nf4 Kd7 35.Bxf6 Bxf6 36.Nxd5 cxd5 37.Bxd5 Bxd4
38.c6+ Ke7 39.Bxf7 g5 40.a4 Bb6 41.Bc4 Kd6 42.Bb5 Ke5 43.g3 Kf5 44.Kg2 Bc7
45.Kf3 Bb6 46.Bd3+ Ke6 47.h4 gxh4 48.gxh4 Kf6 49.Kg3 Bc7+ 50.Kg4 Bd6 51.h5 Bc7
52.h6 Bd6 53.h7  1-0

[Event "Oviedo rapid"]
[Site "Oviedo"]
[Date "1993.??.??"]
[Round "11"]
[White "Hoang Than Trang"]
[Black "San Segundo, Pablo"]
[Result "0-1"]
[WhiteElo "2300"]
[BlackElo "2440"]

1.d4 d5 2.c4 e6 3.Nc3 c6 4.e3 Nf6 5.Nf3 Nbd7 6.Qc2 Bd6 7.b3 O-O 8.Be2 e5
9.dxe5 Nxe5 10.cxd5 Nxd5 11.Nxd5 cxd5 12.O-O Nxf3+ 13.Bxf3 Qh4 14.g3 Qf6
15.Bxd5 Bf5 16.Qe2 Qxa1 17.Bxb7 Rab8 18.Bb2 Qxa2  0-1

[Event "WchT U26"]
[Site "Paranana"]
[Date "1993.??.??"]
[Round "?"]
[White "Manninen, Marko"]
[Black "Guliev, Sarhan"]
[Result "0-1"]
[WhiteElo "2355"]
[BlackElo "2465"]

1.d4 d5 2.c4 c6 3.Nc3 Nf6 4.Nf3 e6 5.e3 Nbd7 6.Qc2 Bd6 7.g4 dxc4 8.Bxc4 b5
9.Bd3 Bb7 10.g5 Nh5 11.Ne4 Be7 12.Bd2 Rc8 13.b4 g6 14.Bc3 O-O 15.Rg1 e5 16.Nxe5 Nxe5
17.dxe5 c5 18.bxc5 Bxc5 19.Qd2 b4 20.Bb2 Qa5 21.Nxc5 Rxc5 22.a3 Rfc8 23.Qxb4 Qc7
24.Kd2 a5 25.Qa4 Bc6 26.Qd1 Bb5 27.Rc1 Bxd3 28.Kxd3 Rxc1 29.Qxc1 Qd7+ 30.Bd4 Qf5+
31.e4 Rxc1 32.Rxc1 Qxg5  0-1

[Event "WchT U26"]
[Site "Paranana"]
[Date "1993.??.??"]
[Round "?"]
[White "Disconzi da Silva, Rodrigo"]
[Black "Araque, Rafael"]
[Result "0-1"]
[WhiteElo "2340"]
[BlackElo "2210"]

1.d4 d5 2.c4 c6 3.Nc3 Nf6 4.e3 e6 5.Nf3 Bd6 6.Qc2 Nbd7 7.b3 O-O 8.Be2 Re8
9.O-O dxc4 10.bxc4 e5 11.Rd1 Qc7 12.c5 Bf8 13.a4 exd4 14.exd4 b6 15.Bc4 Re7
16.Ba3 bxc5 17.a5 Qf4 18.Qa2 Ng4 19.Ne2 Qc7 20.Ng3 Nh6 21.Qc2 Re8 22.Ng5 Nf6
23.dxc5 Re5 24.h4 Bg4 25.Rd4 Qxa5 26.N3e4 Bf5 27.Bb2 Qxc5 28.Nxf6+ gxf6 29.Qc3 Qe7
30.Nf3 Bg7 31.Nxe5 fxe5 32.Rf4 Qf6 33.Rf3 Qxh4 34.Rg3 Ng4 35.Kf1 Nh2+ 36.Kg1 Ng4
37.Kf1 Nh2+ 38.Kg1 Ng4 39.Kf1 h5 40.Ke2 Qe7 41.Rf3 Bg6 42.Ra6 Rb8 43.Rxc6 Kh7
44.Ra6 Rxb2+ 45.Qxb2 e4 46.Rxf7 Bxf7 47.Qa2 Bxc4+ 48.Qxc4 Qe5 49.Qb4 Qd4
50.Qxd4 Bxd4 51.f3 exf3+ 52.Kxf3 Bb6 53.Ra2 Kg6 54.Kf4 Be3+ 55.Ke4 Kg5 56.Ra5+ Kg6
57.Kf3 Bb6 58.Rb5 Ne3 59.Kg3 Nf5+ 60.Kh3 Kg5 61.Re5 Bd4 62.Ra5 Kf4 63.Rb5 Ke4
64.Ra5 Ng7 65.Kh4 Kd3 66.Ra4 Kc3 67.Kh3 Ne6 68.Kh4 Ng7 69.Kh3 Bc5 70.Kh4 Kb3
71.Ra1 Bd4 72.Ra6 Kb4 73.Kg5 Kb5 74.Rd6 Bc3 75.Rd5+ Kb4 76.Rd7 a5 77.Rb7+ Ka3
78.Kg6 a4 79.Rc7 Bb2 80.Rc4 Kb3 81.Rc6 a3 82.Rb6+ Ka2 83.Ra6 h4 84.Ra8 Kb3  0-1

[Event "Paris-ch"]
[Site "Paris"]
[Date "1993.??.??"]
[Round "3"]
[White "Shevelev, Sergei"]
[Black "Sherbakov, Ruslan"]
[Result "1/2-1/2"]
[WhiteElo "2395"]
[BlackElo "2570"]

1.d4 d5 2.c4 e6 3.Nc3 c6 4.e3 Nf6 5.Nf3 Nbd7 6.Qc2 Bd6 7.Be2 O-O 8.O-O dxc4
9.Bxc4 b5 10.Be2 Bb7 11.b3 a6 12.Ne4 Nxe4 13.Qxe4 Qe7 14.Bb2 Rab8 15.Qh4 Qxh4
16.Nxh4 c5 17.dxc5 Nxc5 18.Rfd1 Ne4 19.Nf3 Rbc8 20.Nd4 Bb4 21.Bf3 Rfd8 22.Rac1 Bd5
23.Nc6 Bxc6 24.Rxd8+ Rxd8 25.Rxc6 Nxf2 26.Bd4 Nd3 27.Be4 Nf4 28.Bf3 Nd3 29.Rxa6 e5
30.Bb6 Re8 31.Ra8 Rxa8 32.Bxa8 Ba3 33.Bc7  1/2-1/2

[Event "Paris-ch"]
[Site "Paris"]
[Date "1993.??.??"]
[Round "7"]
[White "Wagner, Claude"]
[Black "Chevallier, Didier"]
[Result "1-0"]
[WhiteElo "2310"]
[BlackElo "2295"]

1.d4 d5 2.Nf3 Nf6 3.c4 c6 4.Nc3 e6 5.e3 Nbd7 6.Be2 Bd6 7.O-O O-O 8.Qc2 Re8
9.b3 Qe7 10.a4 a5 11.Bb2 b6 12.e4 Nxe4 13.Nxe4 dxe4 14.Qxe4 Bb7 15.Bd3 f5
16.Qe3 Nf6 17.Rfe1 Rad8 18.h3 c5 19.Rad1 cxd4 20.Nxd4 Qd7 21.Qg5 h6 22.Qc1 Bc5
23.Bc2 Qc7 24.Kh1 Qf7 25.Qf4 Qh5 26.f3 Bd6 27.Qe3 Qh4 28.Nxe6 Qg3 29.Rxd6 Rxd6
30.Bxf5 Qh4 31.Qe5 Rd2 32.Bc3 Qf2 33.Bxd2 Qxd2 34.Re2 Qd1+ 35.Kh2 Qxb3 36.Qc7 Nh5
37.Bg6  1-0

[Event "Paris-ch"]
[Site "Paris"]
[Date "1993.??.??"]
[Round "7"]
[White "Solozhenkin, Evgeniy"]
[Black "Sherbakov, Ruslan"]
[Result "1/2-1/2"]
[WhiteElo "2480"]
[BlackElo "2570"]

1.d4 d5 2.c4 c6 3.Nc3 Nf6 4.e3 e6 5.Nf3 Nbd7 6.Qc2 Bd6 7.Be2 O-O 8.O-O Re8
9.Rd1 Qe7 10.h3 b6 11.e4 Nxe4 12.Nxe4 dxe4 13.Qxe4 Bb7 14.Bf4 Nf6 15.Bxd6 Nxe4
16.Bxe7 Rxe7 17.Rd3 c5 18.Rad1 f6 19.Ra3 e5 20.dxe5 fxe5 21.Nh4 g6 22.Bf3 Nf6
23.Rd6 Kg7 24.Bxb7 Rxb7 25.Nf3 Re8 26.Ng5 Rbe7 27.Rf3 Nd7 28.Ne4 Rf8 29.Rfd3 Nf6
30.Nxf6 Rxf6 31.Rd7 Kf7 32.R3d5 Rf4 33.b3 Re4 34.Kf1 a6 35.R5d6 b5 36.cxb5 axb5
37.Rxe7+ Kxe7 38.Rb6 Rb4 39.Ke2 c4 40.bxc4 Rxc4 41.Rxb5 Rc2+ 42.Kf3 Rxa2
43.Rb7+ Kf6 44.Rxh7 Ra3+ 45.Kg4 Ra4+ 46.Kg3 Ra3+ 47.Kh2 Ra2 48.f3 g5 49.h4 gxh4
50.Rxh4 Rb2 51.Kh3 Ra2 52.Rh6+ Kf7 53.Rh5 Ke6 54.Rg5 Kf6 55.Rg8 Kf7 56.Rg5 Kf6
57.Kh4 Ra4+ 58.Rg4 Ra8 59.Rb4 Rh8+ 60.Kg3 Ra8 61.Kh3 Rh8+ 62.Rh4 Ra8 63.Rh6+ Kf7
64.Rh5 Re8 65.Kg4 Kg6 66.Rg5+ Kf6 67.Rf5+ Kg6 68.Rh5 Re7 69.Rh8 Ra7 70.Kh4 Ra4+
71.g4 Ra3 72.Rf8 Rb3 73.Rf5  1/2-1/2

[Event "World op"]
[Site "Philadelphia"]
[Date "1993.??.??"]
[Round "?"]
[White "Chow, Richard"]
[Black "Gelman, Geoffrey"]
[Result "1-0"]
[WhiteElo "2335"]
[BlackElo "2230"]

1.d4 d5 2.c4 c6 3.e3 Nf6 4.Nc3 e6 5.Nf3 Bd6 6.Bd3 Nbd7 7.e4 Bb4 8.cxd5 exd5
9.e5 Ne4 10.O-O Nxc3 11.bxc3 Bxc3 12.Rb1 c5 13.Ng5 Bxd4 14.e6 Ne5 15.exf7+ Nxf7
16.Re1+ Kf8 17.Qf3 Qf6 18.Nxh7+ Rxh7 19.Qxf6 gxf6 20.Bxh7 f5 21.Bg6 Bc3 22.Re3 d4
23.Rf3 Ne5 24.Bh6+ Ke7 25.Rxc3 dxc3 26.Bh5 Be6 27.Bg7 c2 28.Rc1 Nd3 29.Rxc2 b6
30.Rd2 c4 31.Bf3 Rc8 32.Bc3 a5 33.h3 Nc5 34.g4 Na4 35.Be5 c3 36.Rc2 b5 37.g5 b4
38.h4 Bxa2 39.Bf6+ Kf7 40.Rxa2 c2 41.Rxc2 Rxc2 42.Bd5+ Kg6 43.h5+ Kxh5 44.Bf7+ Kg4
45.g6 Kh3 46.Kf1 Nc3 47.Bxc3 bxc3 48.g7 Rc1+ 49.Ke2 Rg1 50.g8=Q Rxg8 51.Bxg8 c2
52.Kd2 Kg2 53.Kxc2  1-0

[Event "World op"]
[Site "Philadelphia"]
[Date "1993.??.??"]
[Round "?"]
[White "Watson, John L"]
[Black "Pozarek, Steven J"]
[Result "1-0"]
[WhiteElo "2390"]
[BlackElo "2185"]

1.d4 d5 2.c4 c6 3.Nc3 e6 4.e3 Nf6 5.Nf3 Nbd7 6.Qc2 Bd6 7.g4 h6 8.Bd2 dxc4
9.Bxc4 b5 10.Be2 Bb7 11.e4 b4 12.Na4 Be7 13.g5 hxg5 14.Nxg5 Qa5 15.Rg1 c5
16.e5 cxd4 17.exf6 Bxf6 18.Rc1 Rxh2 19.Qc7 Qxc7 20.Rxc7 Bc8 21.Bxb4 Be5 22.Rc2 Bb7
23.Bf3 Bxf3 24.Nxf3 Rh3 25.Nd2 Rb8 26.Ba3 d3 27.Rc6 Nf6 28.Nc4 Bf4 29.Nc3 g6
30.Bd6 Bxd6 31.Rxd6 Ke7 32.Ra6 Nd5 33.Rxa7+ Kf8 34.Kd2 Rb4 35.b3 Nxc3 36.Kxc3 Rb8
37.Rg3 Rh2 38.Rf3 f5 39.Rxd3 Rxf2 40.Rg3 f4 41.Rxg6 Rd8 42.Ne5 Re2 43.Rf7+  1-0

[Event "Podgorica"]
[Site "Podgorica"]
[Date "1993.??.??"]
[Round "12"]
[White "Makarov, Marat"]
[Black "Lazic, Miroljub"]
[Result "1/2-1/2"]
[WhiteElo "2515"]
[BlackElo "2450"]

1.Nf3 d5 2.c4 c6 3.d4 Nf6 4.Nc3 e6 5.e3 Nbd7 6.Qc2 Bd6 7.Be2 O-O 8.O-O dxc4
9.Bxc4 e5 10.h3 Qe7 11.Bb3 a6 12.Bd2 c5 13.Ng5 cxd4 14.exd4 exd4 15.Nd5 Qd8
16.Bf4 Bxf4 17.Nxf4 Ne5 18.Rfe1 Qd6 19.Nh5 g6 20.Nxf6+ Qxf6 21.Qc5 Qxg5 22.Rxe5 Bf5
23.Qxd4 Rad8 24.Qb4 b5 25.Rae1 Qd2 26.Qh4 b4 27.Qf6 Qd6 28.Qh4 Kg7 29.Re7 Rd7
30.Rxd7 Qxd7 31.Qe7 Qd4 32.g4 Bc8 33.Qe5+ Qxe5 34.Rxe5 Rd8 35.Rc5 Bb7 36.g5 Rd7
37.Kh2 h6 38.h4 hxg5 39.hxg5 Kf8 40.Kg3 Ke7  1/2-1/2

[Event "Podgorica"]
[Site "Podgorica"]
[Date "1993.??.??"]
[Round "13"]
[White "Levin, Felix"]
[Black "Kosic, Dragan"]
[Result "1-0"]
[WhiteElo "2505"]
[BlackElo "2455"]

1.d4 d5 2.c4 c6 3.Nf3 Nf6 4.Nc3 e6 5.e3 Nbd7 6.Bd3 dxc4 7.Bxc4 b5 8.Bd3 a6
9.e4 c5 10.e5 cxd4 11.Nxb5 Nxe5 12.Nxe5 axb5 13.Bxb5+ Bd7 14.Nxd7 Qa5+ 15.Bd2 Qxb5
16.Nxf8 Rxf8 17.a4 Qc4 18.b3 Qd3 19.Qe2 Qxe2+ 20.Kxe2 Kd7 21.Rhc1 Nd5 22.b4 e5
23.Kd3 f5 24.b5 Rfb8 25.f4 Nxf4+ 26.Bxf4 exf4 27.Kxd4 Re8 28.a5 Re4+ 29.Kc5 Re5+
30.Kb6  1-0

[Event "RUS-chT"]
[Site "Podolsk"]
[Date "1993.??.??"]
[Round "?"]
[White "Svirin, O."]
[Black "Utemov, Vladimir"]
[Result "1-0"]
[WhiteElo "2335"]
[BlackElo "2430"]

1.Nf3 d5 2.d4 Nf6 3.c4 c6 4.Nc3 e6 5.e3 Nbd7 6.Be2 Bd6 7.O-O O-O 8.Qc2 e5
9.cxd5 cxd5 10.Nb5 Bb8 11.dxe5 Nxe5 12.Nxe5 Bxe5 13.Bd2 a6 14.f4 Bb8 15.Nd4 Re8
16.Rac1 Ba7 17.Qd3 Ne4 18.Bf3 Qf6 19.Bc3 Qg6 20.Rfe1 Bg4 21.Bxe4 Rxe4 22.Qd2 Rae8
23.Kh1 h5 24.h3 Bf5 25.Rcd1 Bxd4 26.Bxd4 R4e6 27.Qf2 Be4 28.Rc1 h4 29.Kh2 Qh5
30.Rg1 Rg6 31.Rc7 Rg3 32.Rxb7 Qf5 33.Rb6 Rc8 34.Bc3 Bxg2 35.Rxg2 Rxc3 36.bxc3 Qxh3+
37.Kg1 Rf3 38.Qd2 Rxe3 39.Rb1 Qe6 40.Rf1 h3 41.Rh2 Rg3+ 42.Kf2 Qg4 43.Ke1 Qc8
44.Re2 Rxc3 45.Qxd5 Rg3 46.Kd1 Rc3 47.Qd2 Rc6 48.f5 Qb8 49.Qb2 Qg3 50.Qe5 Qd3+
51.Ke1 Rh6 52.Rg1  1-0

[Event "POL-ch"]
[Site "?"]
[Date "1993.??.??"]
[Round "10"]
[White "Markowski, Tomasz"]
[Black "Skalik, Przemyslaw"]
[Result "1/2-1/2"]
[WhiteElo "2450"]
[BlackElo "2340"]

1.c4 Nf6 2.Nf3 c6 3.Nc3 d5 4.e3 e6 5.d4 Nbd7 6.Qc2 Bd6 7.g4 dxc4 8.g5 Nd5
9.Bxc4 Nxc3 10.bxc3 e5 11.Rg1 Qe7 12.Bd3 exd4 13.cxd4 Nf8 14.Bb2 Be6 15.d5 Bxd5
16.Nh4 Be5 17.Ke2 g6 18.Bxe5 Qxe5 19.f4 Qc7 20.Qb2 Rg8 21.Qa3 Ne6 22.Rab1 b6  1/2-1/2

[Event "POL-ch"]
[Site "?"]
[Date "1993.??.??"]
[Round "11"]
[White "Grabarczyk, Miroslaw"]
[Black "Pinkas, Karol"]
[Result "1-0"]
[WhiteElo "2455"]
[BlackElo "2355"]

1.d4 d5 2.c4 c6 3.Nf3 Nf6 4.Nc3 e6 5.e3 Nbd7 6.Qc2 Bd6 7.b3 O-O 8.Be2 Re8
9.O-O Qe7 10.e4 dxe4 11.Nxe4 Nxe4 12.Qxe4 e5 13.Bg5 Qf8 14.d5 f5 15.Qc2 c5
16.Bd2 Nf6 17.Bc3 Qe7 18.Rae1 e4 19.Nd2 Rf8 20.f4 Qc7 21.g3 Bd7 22.Bd1 Rae8
23.Re3 b5 24.Rf2 b4 25.Ba1 h6 26.Kh1 Re7 27.Nf1 Ref7 28.Re1 a5 29.Ne3 Ra8
30.Qd2 Rff8 31.Ref1 Ra6 32.h3 Qb8 33.Bb2 Qe8 34.Rg2 Kh7 35.g4 fxg4 36.hxg4 Ng8
37.Nf5 Bxf5 38.gxf5 Nf6 39.Rfg1 Ra7 40.Qe3 Qb8 41.Rf1 Re7 42.Rg6 Qc8 43.Qh3 e3
44.Be2 Rff7 45.Rf3 Re4 46.Rfg3 Rd4 47.Bxd4 cxd4 48.Bh5 Bxf4 49.Rxh6+ gxh6
50.Bxf7 Bxg3 51.Bg6+ Kg8 52.Qxg3 Qd7 53.Qb8+ Kg7 54.Qe5 Qd8 55.Kg2 Kf8 56.Qxd4 Qe7
57.d6 Qe4+ 58.Qxe4 Nxe4 59.Kf3 Nxd6 60.Kxe3 Ke7 61.Kd4 Kf6 62.Kd5 Nc8 63.c5 Ne7+
64.Kd6 h5 65.Bxh5 Nxf5+ 66.Kd7 Nd4 67.c6 a4 68.c7  1-0

[Event "POL-ch"]
[Site "?"]
[Date "1993.??.??"]
[Round "13"]
[White "Skalik, Przemyslaw"]
[Black "Grabarczyk, Miroslaw"]
[Result "1/2-1/2"]
[WhiteElo "2340"]
[BlackElo "2455"]

1.d4 d5 2.Nf3 Nf6 3.c4 c6 4.Nc3 e6 5.e3 Nbd7 6.Qc2 Bd6 7.Be2 O-O 8.O-O Qe7
9.b3 b6 10.e4 dxe4 11.Nxe4 Nxe4 12.Qxe4 Bb7 13.Bb2 Nf6 14.Qh4 c5 15.dxc5 Bxc5
16.Ne5 Ba3  1/2-1/2

[Event "Polanica Zdroj op"]
[Site "Polanica Zdroj"]
[Date "1993.??.??"]
[Round "5"]
[White "Schmidt, Wlodzimierz"]
[Black "Borkowski, Franciszek"]
[Result "0-1"]
[WhiteElo "2440"]
[BlackElo "2435"]

1.Nf3 d5 2.d4 Nf6 3.c4 c6 4.Nc3 e6 5.e3 Nbd7 6.Qc2 Bd6 7.b3 O-O 8.Be2 Re8
9.O-O a6 10.Rd1 Qe7 11.Bb2 dxc4 12.Bxc4 b5 13.Bd3 Bb7 14.Ng5 h6 15.Nge4 c5
16.Nxd6 Qxd6 17.dxc5 Qxc5 18.Rac1 Rac8 19.Qe2 Qg5 20.f3 Nc5 21.b4 Nxd3 22.Rxd3 h5
23.Rcd1 h4 24.h3 Bd5 25.Nxd5 Nxd5 26.a3 Rc4 27.Qf2 Rec8 28.R1d2 f5 29.Kh2 Kf7
30.Be5 Rc1 31.e4 f4 32.Rd1 R8c2 33.Qg1 Rxd1 34.Rxd1 Ne3  0-1

[Event "Polanica Zdroj op"]
[Site "Polanica Zdroj"]
[Date "1993.??.??"]
[Round "5"]
[White "Pisulinski, Jan"]
[Black "Skalik, Przemyslaw"]
[Result "1/2-1/2"]
[WhiteElo "2370"]
[BlackElo "2345"]

1.d4 d5 2.c4 c6 3.Nf3 Nf6 4.Nc3 e6 5.e3 Nbd7 6.Qc2 Bd6 7.Be2 O-O 8.O-O e5
9.cxd5 cxd5 10.Nb5 Bb8 11.dxe5 Nxe5 12.Bd2 a6  1/2-1/2

[Event "Polanica Zdroj op"]
[Site "Polanica Zdroj"]
[Date "1993.??.??"]
[Round "6"]
[White "Skalik, Przemyslaw"]
[Black "Murdzia, Piotr"]
[Result "1/2-1/2"]
[WhiteElo "2345"]
[BlackElo "2435"]

1.d4 d5 2.Nf3 Nf6 3.c4 e6 4.Nc3 c6 5.e3 Nbd7 6.Qc2 Bd6 7.Be2 O-O 8.O-O Qe7
9.Rd1 Re8 10.h3 b6 11.e4 dxe4 12.Nxe4 Nxe4 13.Qxe4 Bb7 14.Bf4 Nf6 15.Qe3 Bxf4
16.Qxf4 c5 17.Ne5 Rad8 18.dxc5 Qxc5 19.Bh5 Rxd1+ 20.Rxd1 Rf8 21.Bxf7+ Rxf7
22.Nxf7 Qc6 23.Nh6+ gxh6 24.f3 Kf7 25.Kh1 h5 26.b4 Qe8 27.Qe5 Qe7 28.a3 Bc6
29.c5 Bd5 30.cxb6 axb6 31.Rc1 Kg6 32.Rc7 Nd7 33.Qg3+ Kf5 34.Qf2 Qd6 35.Qc2+ Kf6
36.Qc1 Kf5 37.Rc8 e5 38.Re8 Nf6 39.Qc8+ Kg6 40.Rd8 Qe7 41.Qc2+ e4 42.Rc8 Qe6
43.Rc7 h4 44.Rc3 Nh5 45.fxe4 Bxe4 46.Qf2 Ng3+ 47.Kg1 Qd6  1/2-1/2

[Event "RL-chA"]
[Site "Polch"]
[Date "1993.??.??"]
[Round "?"]
[White "Schumacher, Olaf"]
[Black "Rosenberger, Frank"]
[Result "1-0"]
[WhiteElo "2175"]
[BlackElo "2085"]

1.d4 d5 2.c4 c6 3.Nc3 Nf6 4.e3 e6 5.Nf3 Nbd7 6.Qc2 Be7 7.Bd3 O-O 8.O-O Re8
9.b3 Nf8 10.Bb2 Ng6 11.Ne5 Bd6 12.f4 Bxe5 13.fxe5 Ng4 14.Bxg6 hxg6 15.Qe2 Nh6
16.Rad1 Qa5 17.Rf3 Bd7 18.e4 dxc4 19.Bc1 cxb3 20.axb3 Qd8 21.Rh3 Qe7 22.g4 Kf8
23.g5 Ng8 24.Rf1 Rec8 25.Rhf3 Be8 26.Qf2 Rc7 27.d5 cxd5 28.exd5 Rxc3 29.d6 Qd7
30.Rxc3 Rc8 31.Rxc8 Qxc8 32.Ba3 Qd7 33.Qxa7 f5 34.Rc1  1-0